00736nam a2200241 a 4500001001300000003000900013005001700022008004100039020002300080082001600103100001500119245004800134260003700182300001000219500003500229505002000264650003100284700001500315902000800330942000700338952013200345999001700477nice12345678IN_TiNIC20260116013253.0050524s2000 alla grp 000 0 eng  a8171114 c88000a340.59bVER aVerma, B R aCommentaries on Mohammedan Law. 7th Edition aAllahabadbLaw Publishers,c2000 a1232p aincludes index and biblioraphy2 aAppendix, Index aIslamic-Law Interpretation1 aVerma, B R bSRS cBK 001040708StackRoom-aHMIbHMId2007-06-04g880.00l2m2o340.59 VERp019771r2022-04-18s2020-09-15v880.00w2005-05-24yBK c10341d10341